| 000 | 00787nam a2200205 i 4500 | ||
|---|---|---|---|
| 001 | 25239 | ||
| 003 | ES-MaACL | ||
| 005 | 20230906153223.0 | ||
| 007 | t| | ||
| 008 | 021223s1879 sp ||||1| spa d | ||
| 080 | _a912(599):656.618 | ||
| 100 | 1 |
_aArana, Camilo de. _922241 |
|
| 245 | 1 | 0 |
_aDerrotero del archipiélago filipino / _credactado según los documentos más recientes por Camilo de Arana ; publicacdo de orden del Ministerio de Marina. |
| 260 |
_aMadrid : _bDirección de Hidrografía., _c1879 ( _fImp. de Rojas) |
||
| 300 |
_aXXV, 1232 p. ; _c23 cm. |
||
| 530 | _aDisponible en formato digital. | ||
| 650 | 4 |
_aDerroteros- _zFilipinas. _9154843 |
|
| 852 |
_aES-MaACL _jG-11302 |
||
| 856 |
_uhttp://bdh-rd.bne.es/viewer.vm?id=0000008344&page=1 _zBiblioteca Digital Hispánica |
||
| 999 |
_c25239 _d25239 |
||